| 000 | 01070nam0a22002651 4500 | ||
|---|---|---|---|
| 001 | rc\1133678 | ||
| 005 | 20041126174655.8 | ||
| 035 | _a(NLR Aleph) 006374736 | ||
| 090 |
_a5030354 _c5030354 |
||
| 100 | _a20041126d1980 u |0rusy50 ca | ||
| 101 | 0 | _arus | |
| 102 | _aRU | ||
| 105 | _ay ||||||||| | ||
| 200 | 1 |
_aСелекция овощных культур _e[Сб. статей _fОтв. ред. к. с.-х. н. Г.К. Машьянова] |
|
| 210 |
_aНовосибирск _cВАСХНИЛ. Сиб. отд-ние _d1980 |
||
| 215 |
_a53 с. _d20 |
||
| 225 | 1 |
_aНаучно-технический бюллетень _fВАСХНИЛ. Сиб. отд-ние, Сиб. НИИ растениеводства и селекции _vВып. 4 (16) |
|
| 300 | _aНа обл. только загл. сер. | ||
| 320 | _aБиблиогр. в конце статей | ||
| 702 | 1 |
_aМашьянова _bГ. К. _gГалина Константиновна _4340 |
|
| 801 | 0 |
_aRU _bNLR _gpsbo |
|
| 801 | 1 |
_aRU _bELAR _2rusmarc |
|
| 852 |
_aNLR _jП13/1534 |
||
| 942 | _cBOOK | ||
| 980 | _aNB | ||